¿Están listos los empresarios para el TLC?

Kaydedildi:
Detaylı Bibliyografya
Materyal Türü: Metin
Etiketler: Etiketle
Etiket eklenmemiş, İlk siz ekleyin!

MARC

LEADER 00000 a a2200000 04500
001 42607
003
040
245 |a ¿Están listos los empresarios para el TLC?  
773 |g volumen25, número1116 (2004), páginas 8-9  
999 |c 25236  |d 25236